000 00360nam a2200145 a 4500
005 20140412111419.0
008 070906s19uu xx 00 eng d
020 _a1-933821-84-1
050 _aREF 030
_bR79 2008
245 _aAlmanac 2008.
260 _aCanada :
_bA Time Inc. Company,
_c2008.
300 _a255
440 _aTime for kids
999 _c105941
_d105941